| 000 | 00803nas a2200277 4500 | ||
|---|---|---|---|
| 001 | BR8903948 | ||
| 003 | BR-BrBNA | ||
| 005 | 20231205091645.0 | ||
| 007 | ta | ||
| 008 | 230509b bl.|||p| |||| 00| 00por d | ||
| 040 |
_aBR-BrBNA _bpor _cBiblioteca Nacional de Agricultura |
||
| 041 | _a(Pt) | ||
| 072 | _aL73; L72 | ||
| 100 | 1 | _aFerreira, S.R.A. | |
| 245 | 1 | _aSarna: tratamento e profilaxia | |
| 650 | _aCOELHO | ||
| 650 | _aSARNA AURICULAR | ||
| 650 | _aSARNA SARCOPTICA | ||
| 650 | _aACARO | ||
| 650 | _aPROFILAXIA | ||
| 650 | _aINFESTACAO | ||
| 650 | _aHIGIENE | ||
| 773 | 0 |
_tInforme Agropecuario - Empresa de Pesquisa Agropecuaria de Minas Gerais (Brazil) _xISSN 0100-3364 _g(1989), v. 14(160) p. 27-29 _wBR8903948 |
|
| 909 |
_a202311 _bLúcia _c55 _dLúcia Elande |
||
| 942 |
_2AGRIS _n0 _cANA |
||
| 999 |
_c126480 _d126480 |
||